header

Stories in the time of cholera (Record no. 70548)

MARC details
000 -LEADER
fixed length control field 01374nam a2200337Ia 4500
082 04 - DEWEY DECIMAL CLASSIFICATION NUMBER
Classification number 614.5/14/0987
100 1# - MAIN ENTRY--AUTHOR NAME
Personal name Briggs, Charles L.,
245 10 - TITLE STATEMENT
Title Stories in the time of cholera
260 ## - PUBLICATION, DISTRIBUTION, ETC. (IMPRINT)
Place of publication Berkeley, Calif. :
Name of publisher University of California Press,
Year of publication c2003.
300 ## - PHYSICAL DESCRIPTION
Number of Pages xxvi, 430 p. :
Other physical details ill.
650 #0 - SUBJECT ADDED ENTRY--TOPICAL TERM
Topical Term Cholera
Topical Term Cholera
700 1# - ADDED ENTRY--PERSONAL NAME
Personal name Mantini-Briggs, Clara,
856 40 - ELECTRONIC LOCATION AND ACCESS
Uniform Resource Identifier http://site.ebrary.com/lib/rucke/Doc?id=10057108

No items available.

© 2026 Rongo University
Contact us: librarian | system librarian | Rongo university